Code of safe working practice for merchant seamen : consolidated edition 2011 / (Record no. 3437)

000 -LEADER
fixed length control field 00356nam a22001217a 4500
008 - FIXED-LENGTH DATA ELEMENTS--GENERAL INFORMATION
fixed length control field 200615b ||||| |||| 00| 0 eng d
110 ## - MAIN ENTRY--CORPORATE NAME
9 (RLIN) 2835
Corporate name or jurisdiction name as entry element MCA
245 10 - TITLE STATEMENT
Title Code of safe working practice for merchant seamen : consolidated edition 2011 /
260 ## - PUBLICATION, DISTRIBUTION, ETC. (IMPRINT)
Place of publication, distribution, etc London :
Name of publisher, distributor, etc TSO,
Date of publication, distribution, etc 2011.
300 ## - PHYSICAL DESCRIPTION
Extent 120p.
650 #0 - SUBJECT ADDED ENTRY--TOPICAL TERM
Topical term or geographic name as entry element Ships--Cargo--Safety regulations
942 ## - ADDED ENTRY ELEMENTS (KOHA)
Item type Books
Holdings
Withdrawn status Lost status Source of classification or shelving scheme Damaged status Not for loan Permanent location Current location Date acquired Source of acquisition Total Checkouts Barcode Date last seen Date last borrowed Cost, replacement price Koha item type
          IMU Kolkata IMU Kolkata 2013-12-20 Shroff Publishers and Distributors 2 11711 2026-04-11 2026-04-11 4317.30 Books
Designed and Maintained by IMU-KC Library, Kolkata Campus © Copyright All Rights Reserved

webs counters

Powered by Koha